Del arte occidental al arte nicaragüense / (Record no. 370)

MARC details
000 -LEADER
campo de control de longitud fija 01711cam a22003254a 4500
001 - NÚMERO DE CONTROL
campo de control 4794166
005 - FECHA Y HORA DE LA ÚLTIMA TRANSACCIÓN
campo de control 20220326193306.0
008 - DATOS DE LONGITUD FIJA--INFORMACIÓN GENERAL
campo de control de longitud fija 031016s2003 nq a c 000 0 spa
010 ## - NÚMERO DE CONTROL DE LA BIBLIOTECA DEL CONGRESO
Número de control de LC 2003554648
020 ## - NÚMERO INTERNACIONAL ESTÁNDAR DEL LIBRO
Número Internacional Estándar del Libro 9992484101
035 ## - NÚMERO DE CONTROL DEL SISTEMA
Número de control de sistema (OCoLC)53477262
035 ## - NÚMERO DE CONTROL DEL SISTEMA
Número de control de sistema (OCoLC)ocm53477262
035 ## - NÚMERO DE CONTROL DEL SISTEMA
Número de control de sistema (NNC)4794166
040 ## - FUENTE DE CATALOGACIÓN
Centro catalogador/agencia de origen DLC
Centro/agencia transcriptor DLC
042 ## - CÓDIGO DE AUTENTICACIÓN
Código de autenticación pcc
043 ## - CÓDIGO DE ÁREA GEOGRÁFICA
Código de área geográfica cl-----
-- e------
-- ncnq---
082 ## - NÚMERO DE LA CLASIFICACIÓN DECIMAL DEWEY
Número de clasificación 709.728.5
Número de ítem F981d
100 1# - ENTRADA PRINCIPAL--NOMBRE DE PERSONA
Nombre de persona Torres, María Dolores G.
9 (RLIN) 1581
245 10 - MENCIÓN DEL TÍTULO
Título Del arte occidental al arte nicaragüense /
Mención de responsabilidad, etc. María Dolores G. Torres.
260 ## - PUBLICACIÓN, DISTRIBUCIÓN, ETC.
Lugar de publicación, distribución, etc. León, Nicaragua :
Nombre del editor, distribuidor, etc. Centro de Arte, Fundación Ortíz-Gurdián :
-- Casa Norberto Ramírez,
Fecha de publicación, distribución, etc. 2003.
300 ## - DESCRIPCIÓN FÍSICA
Extensión 280 p. :
Otras características físicas ill. (chiefly col.) ;
Dimensiones 31 cm.
505 ## - NOTA DE CONTENIDO CON FORMATO
Título Prologo
Mención de responsabilidad Juanita Bermudez
Título Capitulo 1 : Casa Museo y su historia
-- capitulo 2: sala II pintura europea del siglo XV y XVIII
-- capitulo 3: sala III pintura europea XVII y XVIII
-- capitulo 4: sala IV: sala IV el retrato europeo del siglo XVIII
-- capitulo 5: sala V pintura religiosa en el nuevo mundo
-- capitulo 6: sala VI movimiento de vanguardia europeo
-- capitulo 7: Corredor I mestizaje cultural del continente americano
-- capitulo 8: Corredor II arte latinoamericano del siglo XX
-- capitulo 10: Corredor III arte contemporáneo nicaragüense . Las bienales de la fundación Ortiz - Gurdian
610 20 - PUNTO DE ACCESO ADICIONAL DE MATERIA--NOMBRE DE ENTIDAD CORPORATIVA
Nombre de entidad corporativa o nombre de jurisdicción como elemento de entrada Fundación Ortíz-Gurdián
Subdivisión general Art collections
Subdivisión de forma Catalogs.
9 (RLIN) 1754
650 #0 - PUNTO DE ACCESO ADICIONAL DE MATERIA--TÉRMINO DE MATERIA
Término de materia o nombre geográfico como elemento de entrada Art, Latin American
Subdivisión de forma Catalogs.
9 (RLIN) 1755
650 #0 - PUNTO DE ACCESO ADICIONAL DE MATERIA--TÉRMINO DE MATERIA
Término de materia o nombre geográfico como elemento de entrada Art, European
Subdivisión de forma Catalogs.
9 (RLIN) 1756
650 #0 - PUNTO DE ACCESO ADICIONAL DE MATERIA--TÉRMINO DE MATERIA
Término de materia o nombre geográfico como elemento de entrada Art
Subdivisión general Private collections
Subdivisión geográfica Nicaragua
Subdivisión de forma Catalogs.
9 (RLIN) 1757
710 2# - ENTRADA AGREGADA--NOMBRE DE ENTIDAD CORPORATIVA
Nombre de entidad corporativa o nombre de jurisdicción como elemento de entrada Centro de Arte (León, Nicaragua)
9 (RLIN) 1758
710 2# - ENTRADA AGREGADA--NOMBRE DE ENTIDAD CORPORATIVA
Nombre de entidad corporativa o nombre de jurisdicción como elemento de entrada Fundación Ortíz-Gurdián.
9 (RLIN) 1759
Holdings
Estatus retirado Estado de pérdida Fuente del sistema de clasificación o colocación Estado de daño No para préstamo Biblioteca de origen Biblioteca actual Ubicación en estantería Fecha de adquisición Total de préstamos Signatura topográfica completa Código de barras Visto por última vez Precio de reemplazo Tipo de ítem Koha
    Clasificación Decimal Dewey     Biblioteca LadoV Biblioteca LadoV   21/11/2014   709.728.5 F981d 000503 21/11/2014 21/11/2014 Material 01